000 00653nam a2200121Ia 4500
008 220615s9999||||xx |||||||||||||| ||und||
245 0 _aMigration and Integration in Europe, Southeast Asia, and Australia
_bA Comparative Perspective
546 _aEnglish[eng]
650 _aSociology||Asylum seeker||Australia||European Union||Indonesia||Malaysia||Multiculturalism||Refugee
700 _aPietsch, Juliet||Clark, Marshall
856 _uhttps://library.oapen.org/bitstream/20.500.12657/30673/1/644208.pdf||https://library.oapen.org/bitstream/20.500.12657/30673/1/644208.pdf||https://library.oapen.org/bitstream/20.500.12657/30673/1/644208.pdf
942 _cEB
999 _c12741
_d12741